<?xml version="1.0" encoding="UTF-8"?>
<record
    xmlns:xsi="http://www.w3.org/2001/XMLSchema-instance"
    xsi:schemaLocation="http://www.loc.gov/MARC21/slim http://www.loc.gov/standards/marcxml/schema/MARC21slim.xsd"
    xmlns="http://www.loc.gov/MARC21/slim">

  <leader>01334nam a22002777a 4500</leader>
  <controlfield tag="005">20170124103128.0</controlfield>
  <datafield tag="010" ind1=" " ind2=" ">
    <subfield code="a">B-052548</subfield>
  </datafield>
  <datafield tag="020" ind1=" " ind2=" ">
    <subfield code="c">225.00</subfield>
    <subfield code="a">8186618309</subfield>
  </datafield>
  <datafield tag="035" ind1=" " ind2=" ">
    <subfield code="a">B-052548</subfield>
  </datafield>
  <datafield tag="037" ind1=" " ind2=" ">
    <subfield code="b">Cen Lib/Ret</subfield>
  </datafield>
  <datafield tag="040" ind1=" " ind2=" ">
    <subfield code="a">DPL</subfield>
    <subfield code="b">HN</subfield>
  </datafield>
  <datafield tag="082" ind1=" " ind2=" ">
    <subfield code="a">364</subfield>
    <subfield code="b">&#x92A;&#x94B;&#x928;&#x94D;&#x928;&#x948;&#x92F;</subfield>
  </datafield>
  <datafield tag="100" ind1=" " ind2=" ">
    <subfield code="a">&#x92A;&#x94B;&#x928;&#x94D;&#x928;&#x948;&#x92F;&#x928;, &#x90F;&#x92E; </subfield>
    <subfield code="9">58239</subfield>
  </datafield>
  <datafield tag="245" ind1=" " ind2=" ">
    <subfield code="a">&#x905;&#x92A;&#x930;&#x93E;&#x927; &#x914;&#x930; &#x905;&#x92A;&#x930;&#x93E;&#x927; &#x935;&#x93F;&#x91C;&#x94D;&#x91E;&#x93E;&#x928; /</subfield>
    <subfield code="c">&#x90F;&#x92E; &#x92A;&#x94B;&#x928;&#x94D;&#x928;&#x948;&#x92F;&#x928;;&#x905;&#x928;&#x941;&#x935;&#x93E;&#x926;&#x915; &#x91A;&#x928;&#x94D;&#x926;&#x94D;&#x930; &#x915;&#x941;&#x92E;&#x93E;&#x930; &#x938;&#x915;&#x94D;&#x938;&#x947;&#x928;&#x93E; </subfield>
  </datafield>
  <datafield tag="246" ind1=" " ind2=" ">
    <subfield code="a">Apradh aur apradh vigyan /</subfield>
    <subfield code="b">by M. Ponnaiyan;anuvadak Chand Kumar Saxena</subfield>
  </datafield>
  <datafield tag="260" ind1=" " ind2=" ">
    <subfield code="a">&#x926;&#x93F;&#x932;&#x94D;&#x932;&#x940;  </subfield>
    <subfield code="b">&#x92A;&#x940; &#x906;&#x930; &#x92C;&#x941;&#x915;&#x94D;&#x938; </subfield>
    <subfield code="c">2001</subfield>
  </datafield>
  <datafield tag="270" ind1=" " ind2=" ">
    <subfield code="a">&#x928;&#x902;. 101, &#x90F;-14, &#x92D;&#x902;&#x921;&#x93E;&#x930;&#x940; &#x92C;&#x93F;&#x932;&#x94D;&#x921;&#x93F;&#x902;&#x917; &#x92E;&#x941;&#x916;&#x947;&#x930;&#x94D;&#x91C;&#x940; &#x928;&#x917;&#x930; </subfield>
    <subfield code="b">&#x926;&#x93F;&#x932;&#x94D;&#x932;&#x940; </subfield>
    <subfield code="e">110009</subfield>
  </datafield>
  <datafield tag="300" ind1=" " ind2=" ">
    <subfield code="a">xv,402&#x92A;&#x943;. </subfield>
    <subfield code="c">21&#x938;&#x947;&#x92E;&#x940;(&#x938;&#x91C;&#x93F;&#x932;&#x94D;&#x926;)</subfield>
  </datafield>
  <datafield tag="500" ind1=" " ind2=" ">
    <subfield code="a">&#x905;&#x928;&#x941;&#x915;&#x94D;&#x930;&#x92E;&#x923;&#x93F;&#x915;&#x93E;  &#x936;&#x93E;&#x92E;&#x93F;&#x932;    </subfield>
  </datafield>
  <datafield tag="650" ind1=" " ind2=" ">
    <subfield code="a">&#x905;&#x92A;&#x930;&#x93E;&#x927; &#x928;&#x94D;&#x92F;&#x93E;&#x92F; &#x92A;&#x94D;&#x930;&#x923;&#x93E;&#x932;&#x940; </subfield>
    <subfield code="9">83698</subfield>
  </datafield>
  <datafield tag="650" ind1=" " ind2=" ">
    <subfield code="a">&#x938;&#x93E;&#x907;&#x92C;&#x930; &#x905;&#x92A;&#x930;&#x93E;&#x927; </subfield>
    <subfield code="9">83699</subfield>
  </datafield>
  <datafield tag="650" ind1=" " ind2=" ">
    <subfield code="a">Criminal Justice System</subfield>
    <subfield code="9">83700</subfield>
  </datafield>
  <datafield tag="650" ind1=" " ind2=" ">
    <subfield code="a">Cyber crimes</subfield>
    <subfield code="9">83701</subfield>
  </datafield>
  <datafield tag="700" ind1=" " ind2=" ">
    <subfield code="a"> &#x938;&#x915;&#x94D;&#x938;&#x947;&#x928;&#x93E;, &#x91A;&#x928;&#x94D;&#x926;&#x94D;&#x930; &#x915;&#x941;&#x92E;&#x93E;&#x930;</subfield>
    <subfield code="9">83702</subfield>
  </datafield>
  <datafield tag="942" ind1=" " ind2=" ">
    <subfield code="2">ddc</subfield>
    <subfield code="c">HN</subfield>
    <subfield code="h">364</subfield>
    <subfield code="m">&#x92A;&#x94B;&#x928;&#x94D;&#x928;&#x948;&#x92F;</subfield>
  </datafield>
  <datafield tag="999" ind1=" " ind2=" ">
    <subfield code="c">119176</subfield>
    <subfield code="d">119176</subfield>
  </datafield>
  <datafield tag="952" ind1=" " ind2=" ">
    <subfield code="0">0</subfield>
    <subfield code="1">0</subfield>
    <subfield code="4">0</subfield>
    <subfield code="7">0</subfield>
    <subfield code="a">L</subfield>
    <subfield code="b">L</subfield>
    <subfield code="d">2015-09-15</subfield>
    <subfield code="e">Cen Lib/Ret</subfield>
    <subfield code="g">225.00</subfield>
    <subfield code="l">0</subfield>
    <subfield code="o">364 &#x92A;&#x94B;&#x928;&#x94D;&#x928;&#x948;&#x92F;</subfield>
    <subfield code="p">B-052548</subfield>
    <subfield code="r">2015-09-15 00:00:00</subfield>
    <subfield code="t">1</subfield>
    <subfield code="v">225.00</subfield>
    <subfield code="w">2015-09-15</subfield>
    <subfield code="y">HN</subfield>
  </datafield>
</record>
